000 02127aam a2200313 i 4500
001 in902934519
005 20250507130335.0
008 250115t20252025wau 000 1 eng d
020 _a9781662527272
_q(pbk.)
035 _a(OCoLC)1484651342
040 _aTnLvILS
_beng
_erda
_cTnLvILS
_dTnLvILS
050 4 _aPS3601.S544
_bI38 2025
082 0 4 _a813/.6
_223/eng/20250328
092 _afiction
_bAshley, Allison
100 1 _aAshley, Allison,
_eauthor.
_96544185
245 1 0 _aIf tomorrow never comes /
_cAllison Ashley.
264 1 _aSeattle [Washington] :
_bMontlake,
_c[2025]
264 4 _c2025
300 _a302 pages ;
_c22 cm
336 _atext
337 _aunmediated
338 _avolume
520 _a"Fate connects two people in life-changing ways in a deeply romantic and emotional novel about hope and second chances by the author of Would You Rather and The Roommate Pact. Uncertain of what tomorrow brings, Elliott Holland decides to live it up-on the eve of a stem cell transplant to treat her leukemia. It's destiny when she crosses paths with handsome and charming Jamie Sullivan. The chemistry is magic. So is a beautiful evening that ends with a bittersweet kiss goodbye and no expectations of ever seeing each other again. One year later, Elliott's future looks good. Her cancer is in remission. Her career in graphic design is taking off. And she's finally met Carly, the young woman whose stem cell donation gave Elliott a second chance at life. Then, in a twist of fate both blissful and unfair, she meets Carly's boyfriend. It's Jamie, the man Elliott kissed like it was her last day on earth. Neither of them has ever forgotten it. Now, the most difficult decisions of all lie ahead. Whatever risks there are to the heart, one need wins out: to grab hold of everything that can make someone feel alive again"--
650 0 _aCancer
_xPatients
_vFiction.
_95701286
650 0 _aInterpersonal relations
_vFiction.
_95673978
650 0 _aMan-woman relationships
_vFiction.
_95674079
655 7 _aRomance fiction.
_2lcgft
942 _2ddc
_cBOOK
999 _c407635
_d407635